| 000 | 00631nam a2200217Ia 4500 | ||
|---|---|---|---|
| 005 | 20230601104912.0 | ||
| 008 | 131103s9999 xx 000 0 und d | ||
| 020 | _a140510774X | ||
| 040 | _aLoreto College | ||
| 041 | _aEnglish | ||
| 082 |
_a809.3 _bHAL |
||
| 245 | 4 |
_aThe Novel _b An anthology of criticism and theory _cEdited by Dorothy J. Hale |
|
| 260 |
_aMalden, MA, USA _bBlackwell Publishing _c2006 |
||
| 300 | _axiv,821p | ||
| 504 | _aIncludes bibliogrphical references and index | ||
| 650 | _aNovel | ||
| 651 | _aNovel-History and Criticism | ||
| 700 | _aHale, Dorothy J., ed | ||
| 850 | _aLCLIB | ||
| 942 | _cBK | ||
| 999 |
_c17521 _d68000 |
||